=LDR 00000nam 2200000 4500 =001 INLIS000000000049782 =005 20230615080047 =035 ##$$a 0010-031700000000227 =008 230615###########################0###### =020 ##$$a 978 - 602 - 9434 - 85 - 9 =040 ##$$a NBPDMAT =082 ##$$a 371.9 =084 ##$$a 371.9 YOP r =100 ##$$a Yopi sartika =245 1#$$a Ragam Media Pembelajaran Adaptif : $b Untuk Anak Berkebutuhan Khusus /$c Yopi sartika ; editor, Qoni =260 ##$$a Yogyakarta :$b Familia,$c 2015 =300 ##$$a viii, 82 hlm. : $b ilus ; $c 21 cm =500 ##$$a Biliografi : hlm.82 =650 #4$$a Pendidikan Luar Biasa =700 #$$a Qoni =990 ##$$a 21605935 =990 ##$$a 21605936 =990 ##$$a 21605937 =990 ##$$a 21605938 =990 ##$$a 21605939 =990 ##$$a 21603134/BPAP-NTB/2017